Statistics for Cities of McHenry County, Illinois

Click here to take the quiz!

General Stats

  • This quiz has been taken 36 times
    (21 since last reset)
  • The average score is 29 of 43

Answers on the Map

Answers color-coded by a green-red scale on the quiz's map according to % correct below.
 

Answer Stats

Answer% Correct
Census Designated Place of Chemung
100%
City of Crystal Lake
100%
City of Harvard
100%
City of Marengo
100%
City of McHenry
100%
City of Woodstock
100%
Village of Bull Valley
100%
Village of Fox River Grove
100%
Village of Hebron
100%
Village of Huntley
100%
Village of Lake in the Hills
100%
Village of Lakemoor
100%
Village of Oakwood Hills
100%
Village of Wonder Lake
100%
Census Designated Place of Alden
67%
Census Designated Place of Coral
67%
Census Designated Place of Franklinville
67%
Census Designated Place of Riley
67%
Census Designated Place of Solon Mills
67%
Village of Algonquin
67%
Village of Cary
67%
Village of Fox Lake
67%
Village of Greenwood
67%
Village of Holiday Hills
67%
Village of Island Lake
67%
Village of Johnsburg
67%
Village of Lakewood
67%
Village of Port Barrington
67%
Village of Richmond
67%
Village of Spring Grove
67%
Village of Trout Valley
67%
Census Designated Place of Burtons Bridge
33%
Census Designated Place of Harmony
33%
Census Designated Place of Hartland
33%
Census Designated Place of Lawrence
33%
Census Designated Place of Pistakee Highlands
33%
Census Designated Place of Ridgefield
33%
Village of McCullom Lake
33%
Village of Prairie Grove
33%
Village of Ringwood
33%
Village of Union
33%
Census Designated Place of Big Foot Prairie
0%
Village of Barrington Hills
0%

Score Distribution

Percentile by Number Answered

Percent of People with Each Score

Your Score History

You have not taken this quiz since the last reset